Library of the University of Algiers 3
Ibrahim Sultan Cheibout
شعار جامعة الجزائر 3
مكتبة جامعة الجزائر 3
إبراهيم سلطان شيبوط

الجرائم الاقتصادية و أثرها على التنمية في الاقتصاد الاسلامي / (رقم التسجيلة. 46038)

تفاصيل مارك
000 -LEADER
fixed length control field 01237nam a2200217Ia 4500
003 - CONTROL NUMBER IDENTIFIER
control field Ost
005 - DATE AND TIME OF LATEST TRANSACTION
control field 20260507075731.0
008 - FIXED-LENGTH DATA ELEMENTS--GENERAL INFORMATION
fixed length control field 260507s9999||||xx |||||||||||||| ||und||
040 ## - CATALOGING SOURCE
Transcribing agency fsecg
041 ## - LANGUAGE CODE
Language code of text/sound track or separate title ara
082 ## - DEWEY DECIMAL CLASSIFICATION NUMBER
Classification number 364.133
100 ## - MAIN ENTRY--PERSONAL NAME
Personal name النمري، خلف بن سليمان بن صالح
Relator term مؤلف
245 #0 - TITLE STATEMENT
Title الجرائم الاقتصادية و أثرها على التنمية في الاقتصاد الاسلامي /
Statement of responsibility, etc. خلف بن سليمان بن صالح النمري
260 ## - PUBLICATION, DISTRIBUTION, ETC.
Place of publication, distribution, etc. الاسكندرية:
Name of publisher, distributor, etc. مؤسسة شباب الجامعة,
Date of publication, distribution, etc. 1999
300 ## - PHYSICAL DESCRIPTION
Extent 48 صفحة؛
504 ## - BIBLIOGRAPHY, ETC. NOTE
Bibliography, etc. note ببليوغرافيا : ص. 46-47.
520 ## - SUMMARY, ETC.
Summary, etc. هذا الكتاب يتناول موضوع الجرائم الاقتصادية و اثرها على التنمية في الاقتصاد الاسلامي بدأ بمفهوم الجريمة الاقتصادية،أسباب و دوافع الجرائم الاقتصادية، أنواع الجرائم الاقتصادية، الأثار السيئة للجرائم الاقتصادية، الوقاية من الجرائم الاقتصادية
653 ## - INDEX TERM--UNCONTROLLED
Uncontrolled term الاقتصاد الاسلامي
653 ## - INDEX TERM--UNCONTROLLED
Uncontrolled term الجرائم الاقتصادية
942 ## - ADDED ENTRY ELEMENTS (KOHA)
Koha item type كتب
المقتنيات
Withdrawn status Lost status Source of classification or shelving scheme Damaged status Not for loan Home library Current library Date acquired Serial enumeration / chronology Inventory number Total checkouts Full call number Barcode Date last seen Price effective from Koha item type
    Library of Congress Classification   NOT LOAN / إعارة داخلية مكتبة كلية العلوم الإقتصادية والعلوم التجارية وعلوم التسيير مكتبة كلية العلوم الإقتصادية والعلوم التجارية وعلوم التسيير 07/05/2026 الطابق الأرضي 1184/1   أ/1184ن1 1184/1 07/05/2026 07/05/2026 كتب
    Dewey Decimal Classification   Available مكتبة كلية العلوم الإقتصادية والعلوم التجارية وعلوم التسيير مكتبة كلية العلوم الإقتصادية والعلوم التجارية وعلوم التسيير 07/05/2026 الطابق الأرضي 1184/2   أ/1184ن2 1184/2 07/05/2026 07/05/2026 كتب
    Dewey Decimal Classification   Available مكتبة كلية العلوم الإقتصادية والعلوم التجارية وعلوم التسيير مكتبة كلية العلوم الإقتصادية والعلوم التجارية وعلوم التسيير 07/05/2026 الطابق الثاني 1184/3   أ/1184ن3 1184/3 07/05/2026 07/05/2026 كتب

موارد الويب المفتوحة


© University of Algiers 3 All Rights Reserved
|
Implemented by LECHELAH Riad